Microelectronic circuits

Đã lưu trong:
Chi tiết về thư mục
Tác giả chính: Sedra, Adel S (Tác giả)
Định dạng: Sách
Ngôn ngữ:Tiếng Anh
Được phát hành: Nueva York Oxford University 1998
Phiên bản:4a. ed
Loạt:The Oxford Series in Electrical and Computer Engineering
Những chủ đề:
Các nhãn: Thêm thẻ
Không có thẻ, Là người đầu tiên thẻ bản ghi này!

MARC

LEADER 00000nam a2200000 a 4500
001 UCM1693
003 CL-VaPUC
008 020412e19980000US |||||||||||||||||eng|d
082 0 4 |a 621.381  |b SED  |2 21 
100 0 |a Sedra, Adel S  |e author  |9 468475 
245 1 0 |a Microelectronic circuits 
250 |a 4a. ed 
300 |a 1237 p 
942 |c BK 
945 |d 20020412 00:00:00  |a vberengu 
260 |a Nueva York  |b Oxford University  |c 1998 
650 0 |a Electrónica   |9 263192 
650 0 |a Circuitos electrónicos  |9 260204 
650 0 |a Circuitos  |9 263339 
650 0 |a Diodos  |9 260678 
583 |a last modification  |c 20020412 00:00:00  |k Rodrigo Vera 
490 0 |a The Oxford Series in Electrical and Computer Engineering 
999 |c 299941  |d 299939 
952 |0 0  |1 0  |4 0  |6 621_381000000000000_SED_1998  |7 0  |8 F  |9 357121  |a BIBING  |b BIBING  |d 2019-11-21  |i 3806650  |o 621.381 SED 1998  |p 3806650  |r 2025-01-20  |w 2019-11-21  |y BK_F  |k ING